000 00491 a2200181 4500
005 20251018123812.0
008 250527b |||||||| |||| 00| 0 eng d
020 _a9789391600112
080 _a92(MUH)=M
_bLIN/M
100 _aLings, Martin
245 _aMuhammad(മുഹമ്മദ്)
260 _bOther books
_aCalicut
_c2023
300 _a583p.
653 _aBiography - Malayalam Translations
653 _aBiography - Prophet
700 _a K. T. Soopy; tr.by
942 _cBK
999 _c114653
_d114652